| 000 | 00660nam a22001817a 4500 | ||
|---|---|---|---|
| 005 | 20260209120107.0 | ||
| 008 | 260209b |||||||| |||| 00| 0 eng d | ||
| 020 | _a9789360539757 | ||
| 040 | _cVITAP | ||
| 082 |
_223rd Ed. _a658.403 DUB |
||
| 100 |
_aDubey, Rahul _917007 |
||
| 245 |
_aEmerging Technologies for Managers _b: Effective Management in the 21st Century _c/ Rahul Dubey |
||
| 250 | _a2nd Ed. | ||
| 260 |
_aNew Delhi _bCengage Learning India Pvt. Ltd. _c2026 |
||
| 300 | _axvii, Chap. (1-1 to19-13), (A-1 to A-15), (I-1 to I-4)p. : ill. ; 24cm | ||
| 650 | 0 |
_aManagement; Technology management; Technological innovations _917008 |
|
| 942 |
_2ddc _cBK |
||
| 999 |
_c47244 _d47244 |
||